| 000 | 01821nam a2200541 i 4500 | ||
|---|---|---|---|
| 001 | 55969 | ||
| 003 | KOSZ 005 | ||
| 005 | 20211216093703.0 | ||
| 008 | 081010s2008 pl a f f |000 0 pol | ||
| 015 | _aUWD 2008/26447 | ||
| 020 | _a9788373265264 | ||
| 035 | _a991045557529705066 | ||
| 035 | _a(PL-WaBN)b22467282-48omnis_nlop | ||
| 035 | _ab22467282 | ||
| 035 | _a(OCoLC)297670510 | ||
| 035 | _axx001207675 | ||
| 035 | _a(PL)b0000002246728 | ||
| 035 | _a(EXLNZ-48OMNIS_NETWORK)9910518802005606 | ||
| 040 |
_aWA N _cWA N _dKOSZ 005/HR |
||
| 046 | _k2008 | ||
| 080 | _a004.7 | ||
| 080 | _a658.1/.5 | ||
| 080 | _a004-049.8 | ||
| 080 | _a(075.8) | ||
| 245 | 0 | 0 |
_aSieci komputerowe w biznesie / _cJacek Winiarski (red.) ; [aut.] Jacek Winiarski [et al.]. |
| 260 |
_aGdańsk ; _aSopot : _bWydawnictwo Uniwersytetu Gdańskiego, _c2008. |
||
| 300 |
_a298, [1] s. : _bil. ; _c24 cm. |
||
| 336 |
_aTekst _btxt _2rdacontent |
||
| 337 |
_aBez urządzenia pośredniczącego _bn _2rdamedia |
||
| 338 |
_aWolumin _bnc _2rdacarrier |
||
| 380 | _aKsiążki | ||
| 380 | _aPublikacje dydaktyczne | ||
| 385 |
_mPoziom nauczania _aSzkoły wyższe |
||
| 388 | _a2001- | ||
| 490 | 1 |
_aInformatyka Ekonomiczna ; _v11 |
|
| 504 | _aBibliogr. przy rozdz. | ||
| 650 | 7 |
_aPrzedsiębiorstwo _2DBN |
|
| 650 | 7 | _aKomputeryzacja | |
| 650 | 7 |
_aSieć komputerowa _2DBN |
|
| 655 | 7 |
_aPodręczniki akademickie _2DBN |
|
| 658 | _aInformatyka i technologie informacyjne | ||
| 700 | 1 |
_aWiniarski, Jacek _eRedakcja |
|
| 710 | 2 |
_aWydawnictwo Uniwersytetu Gdańskiego _4pbl |
|
| 830 | 0 |
_aInformatyka Ekonomiczna _v11 |
|
| 856 |
_uhttp://koha.tu.koszalin.pl/cgi-bin/koha/opac-detail.pl?biblionumber=55969 _yKatalog online BPK |
||
| 942 |
_2UKD _cKS |
||
| 999 |
_c55969 _d55969 |
||